[Event "Titled Tue 3rd Jun Early"]
[Site "chess.com INT"]
[Date "2025.06.03"]
[Round "9"]
[White "Yanev, Tihomir"]
[Black "Silva, Pedro Gil Ferreira Da"]
[Result "1-0"]
[WhiteTitle "IM"]
[BlackTitle "FM"]
[WhiteElo "2354"]
[BlackElo "2262"]
[WhiteFideId "2910110"]
[BlackFideId "1946102"]
[EventDate "2025.06.03"]

1. d4 Nf6 2. c4 e6 3. Nf3 Bb4+ 4. Nbd2 b6 5. e3 Bb7 6. Bd3 O-O 7. O-O Re8 8. a3
Bf8 9. b4 d5 10. Bb2 Nbd7 11. c5 bxc5 12. bxc5 Ne4 13. Rb1 Bc6 14. Qc2 f5 15.
Bc3 Rb8 16. Ba5 e5 17. Rxb8 Qxb8 18. Rb1 Qc8 19. Bf1 g6 20. Ne1 Bg7 21. f3 Nxd2
22. Qxd2 exd4 23. exd4 Qd8 24. Qf4 Qf6 25. Nc2 Ba4 26. Qxc7 Bxc2 27. Qxd7 Qxd4+
28. Kh1 Bxb1 29. Qxe8+ Bf8 30. c6 Bd3 31. Bb4 Qxb4 32. axb4 Bxf1 33. c7 1-0

[Event "Titled Tue 3rd Jun Early"]
[Site "chess.com INT"]
[Date "2025.06.03"]
[Round "9"]
[White "Herrera Ortiz, Miguel"]
[Black "Dreelinck, Jacob"]
[Result "1-0"]
[WhiteTitle "IM"]
[BlackTitle "FM"]
[WhiteElo "2174"]
[BlackElo "2262"]
[WhiteFideId "5100550"]
[BlackFideId "250511"]
[EventDate "2025.06.03"]

1. e4 c5 2. Nf3 e6 3. d4 cxd4 4. Nxd4 Nc6 5. Bf4 d6 6. Nxc6 bxc6 7. Qd2 Rb8 8.
b3 e5 9. Be3 f5 10. f3 fxe4 11. fxe4 Qh4+ 12. g3 Qe7 13. Bg2 Nf6 14. O-O Be6 15.
c4 Qc7 16. Nc3 Ng4 17. Bh3 Nxe3 18. Bxe6 Nxf1 19. Rxf1 Be7 20. Bf7+ Kd7 21. Qe2
Rbf8 22. Qg4+ Kd8 23. Qxg7 Qb6+ 24. Rf2 Qe3 25. Na4 Rhg8 26. Qxh7 Rh8 27. Qf5
Rxh2 28. Kxh2 Rh8+ 29. Kg2 Qe1 30. Bh5 Rxh5 31. Qxh5 Qxe4+ 32. Qf3 Qb1 1-0

[Event "Titled Tue 3rd Jun Early"]
[Site "chess.com INT"]
[Date "2025.06.03"]
[Round "9"]
[White "Jimenez Fernandez, Rebeca"]
[Black "Matskevich, Varvara"]
[Result "0-1"]
[WhiteTitle "WFM"]
[BlackTitle "WFM"]
[WhiteElo "2163"]
[BlackElo "1988"]
[WhiteFideId "32070934"]
[BlackFideId "13523465"]
[EventDate "2025.06.03"]

1. e4 c5 2. Nf3 d6 3. d4 cxd4 4. Nxd4 Nf6 5. Nc3 a6 6. Be2 e5 7. Nb3 Be7 8. O-O
h6 9. Be3 Be6 10. f4 O-O 11. f5 Bxb3 12. axb3 Nbd7 13. Qd2 b5 14. Bxh6 gxh6 15.
Qxh6 b4 16. Rf3 Nh7 17. Nd5 Bg5 18. Rg3 Kh8 19. Qh5 Nf6 20. Nxf6 Qxf6 21. h4 Bf4
22. Rd3 Rfd8 23. g4 Qh6 24. Qxf7 Qxh4 25. Rad1 Rf8 26. Qe6 Rf6 27. Qd7 Rg8 28.
Rxd6 Nf8 29. Qe7 Rh6 30. Rxh6+ Qxh6 31. Rd7 Qh2+ 32. Kf1 Be3 33. Qh7+ Nxh7 0-1

[Event "Titled Tue 3rd Jun Early"]
[Site "chess.com INT"]
[Date "2025.06.03"]
[Round "9"]
[White "Ahmad, Khagan"]
[Black "Vokhidov, Shamsiddin"]
[Result "1-0"]
[WhiteTitle "IM"]
[BlackTitle "GM"]
[WhiteElo "2405"]
[BlackElo "2641"]
[WhiteFideId "13431552"]
[BlackFideId "14204223"]
[EventDate "2025.06.03"]

1. d4 Nf6 2. c4 e6 3. Nf3 d5 4. Nc3 Be7 5. g4 dxc4 6. e4 Bb4 7. Bxc4 Nxe4 8. O-O
Nxc3 9. bxc3 Bd6 10. Bg5 Qd7 11. Qe2 O-O 12. Ne5 Qe8 13. Bh4 Nd7 14. f4 Nb6 15.
Bd3 f6 16. g5 fxe5 17. fxe5 Be7 18. Rxf8+ Bxf8 19. g6 Bd7 20. Rf1 Be7 21. Qh5 h6
22. Bf6 Nd5 23. Bxg7 Kxg7 24. Rf7+ Qxf7 25. gxf7 Nf4 26. Qg4+ Bg5 27. h4 Nxd3
28. hxg5 Rf8 29. gxh6+ Kxh6 30. Qg8 1-0

[Event "Titled Tue 3rd Jun Early"]
[Site "chess.com INT"]
[Date "2025.06.03"]
[Round "9"]
[White "Safin Safarullakhan"]
[Black "FAWOLE, John Oyeyemi"]
[Result "0-1"]
[WhiteTitle "CM"]
[BlackTitle "FM"]
[WhiteElo "2109"]
[BlackElo "1987"]
[WhiteFideId "33379475"]
[BlackFideId "8501319"]
[EventDate "2025.06.03"]

1. e4 c5 2. Nf3 d6 3. d4 cxd4 4. Nxd4 Nf6 5. Nc3 a6 6. f3 h5 7. h4 e5 8. Nb3 Be6
9. Be3 Nbd7 10. Qd2 Rc8 11. Be2 Be7 12. O-O-O Qc7 13. Rdg1 b5 14. g4 hxg4 15.
fxg4 b4 16. Nd5 Bxd5 17. exd5 Ne4 18. Qd3 Ndc5 19. Nxc5 Nxc5 20. Bxc5 Qxc5 21.
Bd1 Rxh4 22. Rxh4 Bxh4 23. Rh1 Bg5+ 24. Kb1 Ke7 25. Qf5 Qe3 26. Bf3 Rc4 27. Bg2
g6 28. Qf1 Rxg4 29. Bh3 Rh4 30. Qxa6 Rxh3 31. Qb7+ Kf6 32. Rf1+ Rf3 33. Rd1 Rf2
34. Qd7 Qb6 35. Rh1 Kg7 36. b3 Qa6 0-1

[Event "Titled Tue 3rd Jun Early"]
[Site "chess.com INT"]
[Date "2025.06.03"]
[Round "9"]
[White "Nguyen, Ngoc Truong Son"]
[Black "Nepomniachtchi, Ian"]
[Result "1-0"]
[WhiteTitle "GM"]
[BlackTitle "GM"]
[WhiteElo "2632"]
[BlackElo "2757"]
[WhiteFideId "12401110"]
[BlackFideId "4168119"]
[EventDate "2025.06.03"]

1. e4 c5 2. c3 Nf6 3. e5 Nd5 4. Nf3 d6 5. exd6 Qxd6 6. d4 e6 7. Na3 cxd4 8. Nb5
Qd8 9. c4 Bb4+ 10. Bd2 Bxd2+ 11. Qxd2 Nf6 12. Qxd4 Qxd4 13. Nfxd4 Na6 14. O-O-O
Ke7 15. Be2 Ne4 16. Rhf1 Nac5 17. Bf3 Bd7 18. b4 a6 19. bxc5 Nxc5 20. Nc3 Rac8
21. Nb3 Na4 22. Nxa4 Bxa4 23. Kb2 Rc7 24. c5 Rb8 25. Rc1 g5 26. Rfd1 Rbc8 27.
Rd4 Bc6 28. Bxc6 Rxc6 29. Rb4 R6c7 30. Rb6 Kf6 31. Rc4 Rd8 32. Rcb4 Rdd7 33. a4
h5 34. Rd6 Re7 35. Kc3 g4 36. h3 Kg5 37. hxg4 hxg4 38. Re4 e5 39. Kc4 f5 40. Re1
e4 41. Nd4 Re5 42. Ne6+ 1-0

[Event "Titled Tue 3rd Jun Early"]
[Site "chess.com INT"]
[Date "2025.06.03"]
[Round "9"]
[White "Yezhel, Valiantsin"]
[Black "Goryachkina, Aleksandra"]
[Result "0-1"]
[WhiteTitle "FM"]
[BlackTitle "GM"]
[WhiteElo "2232"]
[BlackElo "2544"]
[WhiteFideId "13504983"]
[BlackFideId "4147103"]
[EventDate "2025.06.03"]

1. d4 d5 2. c4 e6 3. Nc3 a6 4. cxd5 exd5 5. Nf3 Nf6 6. Bg5 Be6 7. e3 Nbd7 8. h3
Bd6 9. Bd3 c6 10. O-O Qc7 11. Rc1 h6 12. Bxf6 Nxf6 13. a3 O-O 14. Na4 Rad8 15.
Nc5 Bc8 16. b4 Qe7 17. a4 Ne4 18. Qc2 Rfe8 19. Bxe4 dxe4 20. Nd2 f5 21. Nc4 Bc7
22. a5 f4 23. exf4 Bxf4 24. Rcd1 Bxh3 25. gxh3 Qg5+ 26. Kh1 Qh5 27. Qb3 Rd5 28.
Ne5 e3 29. Kg2 e2 30. Rd3 exf1=Q+ 31. Kxf1 Bxe5 32. dxe5 Qxe5 33. Re3 Qa1+ 34.
Kg2 Rxe3 35. Qxe3 Qe5 36. Qxe5 Rxe5 37. Nxb7 Rb5 38. Nc5 Rxb4 39. Nxa6 Ra4 40.
Nb8 c5 41. a6 c4 0-1

[Event "Titled Tue 3rd Jun Early"]
[Site "chess.com INT"]
[Date "2025.06.03"]
[Round "9"]
[White "Sickmann, Lisa"]
[Black "Nikulina, Alena"]
[Result "0-1"]
[WhiteTitle "WFM"]
[BlackTitle "WFM"]
[WhiteElo "1970"]
[BlackElo "1875"]
[WhiteFideId "16267818"]
[BlackFideId "4172051"]
[EventDate "2025.06.03"]

1. d4 d5 2. c4 dxc4 3. e4 e5 4. d5 Nf6 5. Nc3 b5 6. Nf3 Bc5 7. Bg5 b4 8. Na4
Bxf2+ 9. Kxf2 Nxe4+ 10. Ke1 Nxg5 11. Bxc4 O-O 12. d6 Bb7 13. dxc7 Qxc7 14. Nxg5
Qxc4 15. Qd2 Nc6 16. b3 Qd4 17. Rd1 Rfe8 18. Rf1 Qxd2+ 19. Rxd2 Re7 20. Rxf7
Rxf7 21. Nxf7 Kxf7 22. Rd7+ Kf6 23. Rxb7 Nd4 24. Nc5 a5 25. Ne4+ Kg6 26. Kd2 Rd8
27. Ke3 Nc2+ 28. Ke2 Nd4+ 29. Ke3 Nf5+ 30. Ke2 h6 31. Rb6+ Kh7 32. Rb5 Nd4+ 33.
Ke3 Nxb5 0-1

[Event "Titled Tue 3rd Jun Early"]
[Site "chess.com INT"]
[Date "2025.06.03"]
[Round "9"]
[White "Winkels, Marcel"]
[Black "Wyss, Jonas"]
[Result "0-1"]
[WhiteTitle "CM"]
[BlackTitle "FM"]
[WhiteElo "1918"]
[BlackElo "2278"]
[WhiteFideId "1003887"]
[BlackFideId "1311387"]
[EventDate "2025.06.03"]

1. e4 c6 2. Nf3 d5 3. exd5 cxd5 4. Ne5 Nc6 5. d4 e6 6. Be2 Bd6 7. Bf4 Qc7 8. Bb5
Bd7 9. Nxd7 Bxf4 10. Bxc6 bxc6 11. Nc5 Nf6 12. Nd2 O-O 13. g3 Bd6 14. Ndb3 a5
15. a4 Rab8 16. Na6 Qa7 17. Nxb8 Rxb8 18. O-O h5 19. Qd3 h4 20. Kg2 Qe7 21. Nxa5
Rxb2 22. Nb3 Ne4 23. a5 Qg5 24. a6 Qg4 25. f3 h3+ 26. Kh1 Nxg3+ 27. hxg3 Qxg3
28. Rg1 Qh2# 0-1

[Event "Titled Tue 3rd Jun Early"]
[Site "chess.com INT"]
[Date "2025.06.03"]
[Round "9"]
[White "Kravtsiv, Martyn"]
[Black "Begunov, Konstantin"]
[Result "1-0"]
[WhiteTitle "GM"]
[BlackTitle "FM"]
[WhiteElo "2598"]
[BlackElo "2325"]
[WhiteFideId "14113147"]
[BlackFideId "4118510"]
[EventDate "2025.06.03"]

1. b3 d5 2. Bb2 Bg4 3. h3 Bh5 4. g4 Bg6 5. Bg2 c6 6. Nf3 e6 7. Ne5 Be4 8. f3
Qh4+ 9. Kf1 Bg6 10. d4 Nd7 11. Nxg6 hxg6 12. e3 Bd6 13. Nd2 f5 14. f4 Ngf6 15.
Nf3 Qh7 16. Ng5 Qg8 17. c4 O-O-O 18. Rc1 Kb8 19. b4 Bxb4 20. Qb3 Ba5 21. Ba3
fxg4 22. Rb1 b6 23. Qa4 Kc7 24. cxd5 exd5 25. Be7 Rc8 26. Ke2 gxh3 27. Bxh3 Re8
28. Rhc1 Nb8 29. Qa3 Rxh3 30. Nxh3 Qe6 31. Bxf6 gxf6 32. Nf2 Kb7 33. Rg1 Ka8 34.
Rxg6 Nd7 35. Rbg1 c5 36. Qd3 cxd4 37. Qxd4 Bb4 38. f5 Qc6 39. Qxb4 1-0

[Event "Titled Tue 3rd Jun Early"]
[Site "chess.com INT"]
[Date "2025.06.03"]
[Round "9"]
[White "Nakonechnyi, Oleksii"]
[Black "Jovic, Stanoje"]
[Result "1-0"]
[WhiteTitle "CM"]
[BlackTitle "FM"]
[WhiteElo "2224"]
[BlackElo "2096"]
[WhiteFideId "34173714"]
[BlackFideId "905020"]
[EventDate "2025.06.03"]

1. e4 c6 2. d4 d5 3. Nc3 dxe4 4. Nxe4 Nf6 5. Ng5 h6 6. Nxf7 Kxf7 7. Nf3 Bf5 8.
Bc4+ Nd5 9. Ne5+ Kg8 10. Qf3 Be6 11. O-O Nd7 12. Ng6 N7f6 13. Re1 Qd7 14. Nxh8
Kxh8 15. Bb3 b5 16. a4 b4 17. Bd2 a5 18. h3 g6 19. Qg3 Kh7 20. c4 bxc3 21. bxc3
Bg7 22. Rab1 Bf5 23. Rb2 Qd6 24. Qxd6 exd6 25. Bxd5 Nxd5 26. Rb7 Bc8 27. Rb2 Ba6
28. Re6 Rd8 29. f3 g5 30. Kf2 Kg8 31. Re4 Kf7 32. h4 Bf6 33. hxg5 hxg5 34. Rg4
Bc8 35. Rg3 Kg6 36. Rb8 Bf5 37. Rb7 Bc2 38. Rh3 Bg7 39. Bxg5 Re8 40. Bd2 Bf6 41.
Rh6+ Kf5 42. g4+ Ke6 43. g5 Bxa4 44. gxf6 Rf8 45. f7+ Kf5 46. Rxd6 Bb5 47. Bh6
Rxf7 48. Rxf7+ 1-0

[Event "Titled Tue 3rd Jun Early"]
[Site "chess.com INT"]
[Date "2025.06.03"]
[Round "9"]
[White "Carlsson, Ludvig"]
[Black "Kambrath, Yannick"]
[Result "1-0"]
[WhiteTitle "IM"]
[BlackTitle "IM"]
[WhiteElo "2374"]
[BlackElo "2389"]
[WhiteFideId "1727010"]
[BlackFideId "20632525"]
[EventDate "2025.06.03"]

1. e4 e5 2. Nf3 Nc6 3. Nc3 Nf6 4. d4 exd4 5. Nxd4 Bb4 6. Nxc6 bxc6 7. Bd3 d5 8.
exd5 O-O 9. O-O Bg4 10. f3 Bh5 11. dxc6 Qd4+ 12. Kh1 Bxc3 13. bxc3 Qxc3 14. Bf4
Qxc6 15. Qe2 Bg6 16. Bb5 Qc3 17. Be5 Qxc2 18. Qxc2 Bxc2 19. Rac1 Bg6 20. Rfd1
Rad8 21. Bxc7 Rd5 22. Bc4 Rxd1+ 23. Rxd1 Rc8 24. Ba6 Re8 25. Kg1 h6 26. Kf2 Bf5
27. Rd8 Rxd8 28. Bxd8 Be6 29. Bxf6 gxf6 30. a3 Kf8 31. f4 Ke7 32. Kg3 Bd5 33.
Bf1 a5 34. Kg4 Kf8 35. Kf5 Ke7 36. g3 Bf3 37. Bc4 h5 38. Bb3 Bg2 39. g4 Bh3 40.
Bd1 Kd6 41. Kxf6 hxg4 42. Kxf7 Kd5 43. f5 g3 44. hxg3 Bxf5 45. g4 Bd3 46. g5 Kd4
47. g6 Kc3 48. a4 Bc4+ 49. Kf8 Kd2 50. Bg4 Kc3 51. Bd7 Kb4 52. g7 1-0

[Event "Titled Tue 3rd Jun Early"]
[Site "chess.com INT"]
[Date "2025.06.03"]
[Round "9"]
[White "Tan, Zhongyi"]
[Black "Torres Rebolledo, Alvaro"]
[Result "1-0"]
[WhiteTitle "GM"]
[BlackTitle "FM"]
[WhiteElo "2536"]
[BlackElo "2336"]
[WhiteFideId "8603642"]
[BlackFideId "54587670"]
[EventDate "2025.06.03"]

1. e4 c5 2. Nf3 e6 3. d4 cxd4 4. Nxd4 Nc6 5. Nc3 Qc7 6. Be3 a6 7. g4 b5 8. Nxc6
Qxc6 9. Qd2 Bb7 10. O-O-O Bb4 11. Bd4 Nf6 12. Bg2 Qc7 13. Qg5 Be7 14. h3 h6 15.
Qe3 Rc8 16. Rd2 b4 17. Ne2 Qa5 18. Kb1 Qb5 19. Rhd1 d6 20. b3 e5 21. Bb2 a5 22.
f4 Nd7 23. Qg3 a4 24. fxe5 Nxe5 25. Nd4 Qc5 26. Nf5 a3 27. Bd4 Qc6 28. Nxe7 Kxe7
29. Bxe5 dxe5 30. Qxe5+ Kf8 31. Rd8+ Rxd8 32. Rxd8+ 1-0

[Event "Titled Tue 3rd Jun Early"]
[Site "chess.com INT"]
[Date "2025.06.03"]
[Round "9"]
[White "Cuellar Montes, Alejandro"]
[Black "Kleiman, Jake"]
[Result "1-0"]
[WhiteTitle "CM"]
[BlackTitle "IM"]
[WhiteElo "2173"]
[BlackElo "2399"]
[WhiteFideId "32096836"]
[BlackFideId "2020041"]
[EventDate "2025.06.03"]

1. d4 Nf6 2. c4 e6 3. Nc3 Bb4 4. e3 O-O 5. Bd3 d5 6. Ne2 c5 7. O-O cxd4 8. exd4
Nc6 9. a3 Be7 10. Bg5 dxc4 11. Bxc4 b6 12. Rc1 Bb7 13. b4 Rc8 14. Bb3 h6 15.
Bxf6 Bxf6 16. d5 exd5 17. Nxd5 Be5 18. Qd3 Qh4 19. Ng3 Nd4 20. Rxc8 Rxc8 21. Ne3
Nxb3 22. Qxb3 g6 23. Qa4 Rd8 24. Qxa7 Bc8 25. Qxb6 h5 26. a4 Be6 27. a5 Rb8 28.
Qc5 Bxg3 29. hxg3 Qe4 30. b5 Rc8 31. Qb6 Rc3 32. a6 Ra3 33. a7 Qa4 34. Qb8+ 1-0

[Event "Titled Tue 3rd Jun Early"]
[Site "chess.com INT"]
[Date "2025.06.03"]
[Round "9"]
[White "Shapiro, Daniel"]
[Black "Troltenier, Dirk"]
[Result "1-0"]
[WhiteTitle "FM"]
[BlackTitle "FM"]
[WhiteElo "2284"]
[BlackElo "2174"]
[WhiteFideId "2001780"]
[BlackFideId "4606400"]
[EventDate "2025.06.03"]

1. d4 d5 2. c4 dxc4 3. Nf3 Nf6 4. Nc3 a6 5. a4 Nc6 6. e4 Na5 7. h3 e6 8. Be3 Bb4
9. Nd2 O-O 10. Qc2 c5 11. dxc5 Qe7 12. Nxc4 Nxc4 13. Bxc4 Bxc5 14. Bg5 h6 15.
Bh4 g5 16. Bg3 Bd7 17. O-O Bc6 18. Kh1 Nh5 19. Bh2 Rac8 20. Rad1 Rfd8 21. Qe2
Nf4 22. Qg4 Qf6 23. Qf3 Kg7 24. g3 Ng6 25. Qxf6+ Kxf6 26. f3 Bd4 27. Bg1 Bxc3
28. bxc3 Bxa4 29. Rd3 Rxd3 30. Bxd3 Rxc3 31. Bd4+ 1-0

[Event "Titled Tue 3rd Jun Early"]
[Site "chess.com INT"]
[Date "2025.06.03"]
[Round "9"]
[White "Deac, Bogdan-Daniel"]
[Black "Gharibyan, Mamikon"]
[Result "1-0"]
[WhiteTitle "GM"]
[BlackTitle "GM"]
[WhiteElo "2668"]
[BlackElo "2472"]
[WhiteFideId "1226380"]
[BlackFideId "13308300"]
[EventDate "2025.06.03"]

1. d4 Nf6 2. c4 e6 3. Nc3 d5 4. Nf3 Bb4 5. Bg5 h6 6. Bxf6 Qxf6 7. e3 O-O 8. Rc1
dxc4 9. Bxc4 c5 10. dxc5 Nd7 11. c6 bxc6 12. O-O Nb6 13. Be2 Bxc3 14. Rxc3 Nd5
15. Rc2 Nb4 16. Rd2 c5 17. a3 Nd5 18. Qc1 Rb8 19. Rfd1 Bd7 20. Qc2 Rfc8 21. h3
Be8 22. Rc1 a5 23. b3 a4 24. bxa4 c4 25. a5 c3 26. Rdd1 Rb2 27. Qxb2 cxb2 28.
Rxc8 Qe7 29. Bb5 Nc3 30. Rxe8+ Qxe8 31. Bxe8 Nxd1 32. Nd2 Nc3 33. a6 1-0

[Event "Titled Tue 3rd Jun Early"]
[Site "chess.com INT"]
[Date "2025.06.03"]
[Round "9"]
[White "Gales, Randi-Ioan"]
[Black "Donchenko, Alexander"]
[Result "0-1"]
[WhiteTitle "CM"]
[BlackTitle "GM"]
[WhiteElo "2290"]
[BlackElo "2615"]
[WhiteFideId "1285360"]
[BlackFideId "24603295"]
[EventDate "2025.06.03"]

1. d4 Nf6 2. c4 e6 3. Nc3 Bb4 4. e3 O-O 5. Bd2 d5 6. Nf3 b6 7. cxd5 exd5 8. Bd3
Re8 9. O-O c5 10. h3 Nc6 11. a3 Bxc3 12. Bxc3 c4 13. Bc2 b5 14. Ne5 Qc7 15. a4
b4 16. Be1 a5 17. f4 Ba6 18. Bh4 Ne4 19. Qf3 c3 20. Rfb1 f6 21. Bxe4 dxe4 22.
Qxe4 fxe5 23. fxe5 Bb7 24. Qd3 Qd7 25. Qc4+ Kh8 26. bxc3 Rac8 27. Qb5 Ba8 28.
cxb4 Rb8 29. Qc4 Nxb4 30. Rf1 Nd5 31. Qd3 Qc6 32. Rf3 Nc3 33. Rg3 Rb2 34. e4
Nxe4 35. Rg4 Nc3 36. Qg3 Ne2+ 0-1

[Event "Titled Tue 3rd Jun Early"]
[Site "chess.com INT"]
[Date "2025.06.03"]
[Round "9"]
[White "Suarez, Pedro"]
[Black "Cernov, Henrik"]
[Result "1-0"]
[WhiteTitle "CM"]
[BlackTitle "FM"]
[WhiteElo "2066"]
[BlackElo "2325"]
[WhiteFideId "3007642"]
[BlackFideId "16258312"]
[EventDate "2025.06.03"]

1. d4 a5 2. c4 h5 3. Nc3 a4 4. e4 d6 5. f4 Nf6 6. Nf3 h4 7. h3 Nh5 8. Bd3 Ng3 9.
Rg1 a3 10. bxa3 c6 11. Bb2 e6 12. e5 dxe5 13. dxe5 Qb6 14. Qd2 Bc5 15. Rf1 Be3
16. Qc2 Bxf4 17. Ne4 Qe3+ 18. Kd1 Nxf1 19. Nd6+ Kf8 20. Bxf1 Na6 21. Bc1 Qc5 22.
Bxf4 Qxa3 23. Qb3 Nb4 24. Qxa3 Rxa3 25. Nxc8 Nxa2 26. Ke1 f6 27. exf6 Kf7 28.
Nd6+ Kxf6 29. Be5+ Ke7 30. Nxb7 Ra7 31. Nc5 Rha8 32. Ne4 Kf7 33. Nfg5+ Kg8 34.
Be2 Nb4 35. Rxa7 Rxa7 36. Bg4 Ra2 37. Bxe6+ Kh8 38. Nf7+ Kh7 39. Bf5+ Kg8 40.
Neg5 Nc2+ 41. Bxc2 Rxc2 42. Nd6 Rxg2 43. Kf1 Rc2 44. Nf3 Kf8 45. Nxh4 Ke7 46.
Nhf5+ Ke6 47. Bxg7 Rh2 48. h4 c5 49. Kg1 Rc2 50. h5 Rc1+ 51. Kg2 Rb1 52. h6 Rb8
53. h7 Ra8 54. h8=Q Ra2+ 55. Kg3 Ra3+ 56. Kg4 Kd7 57. Qc8# 1-0

[Event "Titled Tue 3rd Jun Early"]
[Site "chess.com INT"]
[Date "2025.06.03"]
[Round "9"]
[White "Tang, Andrew"]
[Black "Moskalenko, Alexander"]
[Result "1-0"]
[WhiteTitle "GM"]
[BlackTitle "GM"]
[WhiteElo "2529"]
[BlackElo "2422"]
[WhiteFideId "2059630"]
[BlackFideId "4155351"]
[EventDate "2025.06.03"]

1. d4 Nf6 2. Bf4 d5 3. e3 c5 4. dxc5 e6 5. b4 a5 6. c3 axb4 7. cxb4 b6 8. Bxb8
Rxb8 9. Bb5+ Ke7 10. c6 Ne8 11. Nc3 Nc7 12. Rc1 f6 13. f4 Kf7 14. Qb3 Qd6 15. a3
d4 16. exd4 Qxf4 17. Nge2 Qe3 18. Rb1 Nxb5 19. Nxb5 Qe4 20. Rc1 Ba6 21. Nc3 Qxg2
22. Qxe6+ Kxe6 23. Nf4+ Kd6 24. Nxg2 Kxc6 25. Ne3 Re8 26. Kf2 Bd6 27. Nf5 Bf4
28. Rce1 Bc4 29. b5+ 1-0

[Event "Titled Tue 3rd Jun Early"]
[Site "chess.com INT"]
[Date "2025.06.03"]
[Round "9"]
[White "Lagunov, Evgenij"]
[Black "Ramu, K."]
[Result "1-0"]
[WhiteTitle "FM"]
[BlackTitle "FM"]
[WhiteElo "2201"]
[BlackElo "2151"]
[WhiteFideId "4125363"]
[BlackFideId "5006171"]
[EventDate "2025.06.03"]

1. e4 c5 2. Nf3 d6 3. d4 cxd4 4. Nxd4 Nf6 5. Nc3 a6 6. g3 h5 7. h3 b5 8. a3 Bb7
9. Bg2 e5 10. Nf5 g6 11. Ne3 Nbd7 12. O-O Nb6 13. Ned5 Nfxd5 14. Nxd5 Nxd5 15.
exd5 f5 16. c4 bxc4 17. Qa4+ Qd7 18. Qxc4 Rc8 19. Qe2 Bg7 20. Bg5 O-O 21. Rac1
e4 22. b4 Qb5 23. Qxb5 axb5 24. Be7 Rxc1 25. Rxc1 Re8 26. Bxd6 Bxd5 27. Bf1 Bb2
28. Rc5 Bc4 29. Rxc4 bxc4 30. Bxc4+ Kg7 31. a4 Bd4 32. a5 e3 33. fxe3 Rxe3 34.
Kg2 Rc3 35. Bd5 Rc2+ 36. Kf1 Ba7 37. b5 Rd2 38. Be5+ Kf8 39. Bc6 Ra2 40. Bc7 Rc2
41. b6 Bxb6 42. axb6 Rxc6 43. b7 1-0

[Event "Titled Tue 3rd Jun Early"]
[Site "chess.com INT"]
[Date "2025.06.03"]
[Round "9"]
[White "Montano Vicente, Guadalupe"]
[Black "Squella Lavin, Carlos Felipe"]
[Result "1/2-1/2"]
[BlackTitle "FM"]
[WhiteElo "1940"]
[BlackElo "2230"]
[WhiteFideId "5181399"]
[BlackFideId "3406792"]
[EventDate "2025.06.03"]

1. d4 d5 2. c4 e6 3. Nc3 h6 4. Nf3 Nf6 5. Bf4 Bd6 6. Bxd6 Qxd6 7. c5 Qe7 8. e3
O-O 9. Be2 Nc6 10. O-O Rd8 11. Bb5 Bd7 12. Bxc6 Bxc6 13. Ne5 Be8 14. b4 Nd7 15.
f4 f6 16. Nxd7 Qxd7 17. Qg4 c6 18. a4 Qf7 19. b5 Bd7 20. Qg3 Re8 21. e4 Qh5 22.
e5 fxe5 23. fxe5 Rf8 24. h3 Rae8 25. Kh2 Rf7 26. Rxf7 Qxf7 27. Qf3 Rf8 28. Qxf7+
Rxf7 29. Kg3 g5 30. bxc6 Bxc6 31. Nb5 Rf4 32. Nxa7 Rxd4 33. Nxc6 bxc6 34. a5 Rb4
35. a6 Rb8 36. a7 Ra8 37. Kg4 Kf7 38. h4 Kg6 39. h5+ Kf7 40. Kf3 Ke7 41. Ra6 Kd7
42. Ke3 Kc7 43. Kd4 Kb7 44. Rb6+ Kc7 45. Ra6 Kb7 46. Rb6+ Kc7 47. Ra6 1/2-1/2

[Event "Titled Tue 3rd Jun Early"]
[Site "chess.com INT"]
[Date "2025.06.03"]
[Round "9"]
[White "Kim, Sergey"]
[Black "Guliev, Gasan"]
[Result "1-0"]
[WhiteTitle "FM"]
[BlackTitle "CM"]
[WhiteElo "2295"]
[BlackElo "2123"]
[WhiteFideId "13700570"]
[BlackFideId "34165638"]
[EventDate "2025.06.03"]

1. d4 Nf6 2. c4 e6 3. Nc3 Bb4 4. Qc2 b6 5. a3 Bxc3+ 6. Qxc3 Bb7 7. Nf3 O-O 8. g3
Ne4 9. Qc2 f5 10. Bg2 d6 11. O-O Nc6 12. b4 Qf6 13. Bb2 Qh6 14. d5 Ne7 15. dxe6
Qxe6 16. Ng5 Nxg5 17. Bxb7 Rae8 18. Bg2 f4 19. Qc3 Rf7 20. gxf4 Ne4 21. Qd4 Nf5
22. Qd5 Qg6 23. Kh1 Nh4 24. Bh3 Kh8 25. f3 Nf6 26. Qd2 Qh5 27. Bg2 Nxg2 28. Kxg2
Rfe7 29. e4 Nxe4 30. fxe4 Rxe4 31. Rf2 Qg4+ 32. Kh1 Re2 33. Qd4 1-0

[Event "Titled Tue 3rd Jun Early"]
[Site "chess.com INT"]
[Date "2025.06.03"]
[Round "9"]
[White "Garcia Correa, Jose Ricardo"]
[Black "Diaz Vasquez, Martin"]
[Result "1-0"]
[WhiteTitle "FM"]
[BlackTitle "CM"]
[WhiteElo "2103"]
[BlackElo "2266"]
[WhiteFideId "5101832"]
[BlackFideId "3410579"]
[EventDate "2025.06.03"]

1. e4 c5 2. Nf3 e6 3. d4 cxd4 4. Nxd4 Nf6 5. Bd3 Nc6 6. Nxc6 bxc6 7. O-O d5 8.
e5 Nd7 9. Re1 Be7 10. c4 Qc7 11. Qe2 Ba6 12. b3 Nc5 13. Bc2 Rb8 14. Nc3 d4 15.
Nd1 O-O 16. Nb2 Rfd8 17. Nd3 Bb7 18. Bd2 Nxd3 19. Qxd3 g6 20. b4 c5 21. b5 Rd7
22. a4 Rbd8 23. a5 Ba8 24. f4 Qb7 25. Re2 Bf8 26. a6 Qc8 27. Ba5 Re8 28. Rd1 Bh6
29. Qg3 Qb8 30. Bd3 f5 31. exf6 Bxf4 32. Qh3 Rf7 33. Rxe6 Be3+ 34. Kh1 Qc8 35.
Rxe8+ Qxe8 36. Rf1 Qf8 37. Qh4 h6 38. Bxg6 Rd7 39. f7+ Kg7 40. Qf6# 1-0

[Event "Titled Tue 3rd Jun Early"]
[Site "chess.com INT"]
[Date "2025.06.03"]
[Round "9"]
[White "Arya G Mallar"]
[Black "Khandhadia, Nivaan Rathin"]
[Result "1-0"]
[WhiteTitle "WCM"]
[BlackTitle "CM"]
[WhiteElo "2014"]
[BlackElo "2112"]
[WhiteFideId "25115324"]
[BlackFideId "25753274"]
[EventDate "2025.06.03"]

1. c4 c5 2. Nc3 Nc6 3. Nf3 e5 4. e3 g6 5. d4 exd4 6. exd4 cxd4 7. Nxd4 Bg7 8.
Be3 Nf6 9. Be2 O-O 10. O-O d5 11. Nxc6 bxc6 12. Bg5 h6 13. Bh4 g5 14. Bg3 d4 15.
Na4 Ne4 16. Bd3 Nxg3 17. hxg3 Rb8 18. Qf3 Qe8 19. Rae1 Qd7 20. Nc5 Qg4 21. Qxc6
Rb6 22. Qc7 Rxb2 23. Qxa7 Bf5 24. Qa3 Bxd3 25. Nxd3 Rbb8 26. Re7 Rfe8 27. Rc7
Rbc8 28. Qa7 Rxc7 29. Qxc7 Qe2 30. Re1 Qxd3 31. Rxe8+ Kh7 32. Qxf7 Qd1+ 33. Kh2
Qh5+ 34. Qxh5 1-0